| 000 | 00829cab a2200265 4500 | ||
|---|---|---|---|
| 001 | X93363 | ||
| 008 | 090401t1998 xxu||||| |||| 00| 0 eng d | ||
| 035 | _a(Sirsi) u87935 | ||
| 041 | _aeng | ||
| 245 | _aPassmore v Morland | ||
| 260 | _c1998 | ||
| 350 | _a0 | ||
| 490 |
_aNew Property Cases _v[1998] NPC 117 (13/7/98) |
||
| 520 | _a"Passmore v Morland" ChD 25 June 1998. Article 85 of the Treaty of Rome considered in the light of a beer tie in a lease. (Taken from journal headnote. Not to be photocopied.) | ||
| 650 | _aBREWERY | ||
| 650 | _aINNTREPRENEUR ESTATES | ||
| 650 | _aLEASE | ||
| 650 | _aPASSMORE V MORLAND | ||
| 650 | _aPUBLIC HOUSE | ||
| 650 | _aTIED PUBS | ||
| 650 | _aTREATY OF ROME ART 85 | ||
| 690 | _aLANDLORD AND TENANT-CASE LAW-BUSINESS TENANCIES | ||
| 942 | _n0 | ||
| 948 | _c10/08/1998 | ||
| 999 |
_c55497 _d55497 |
||